000 00733nam a2200205Ii 4500
003 JO-AjNU
008 230605s9999||||xx |||||||||||||| ||und||
040 _aJO-AjNU
_bara
_erda
_cJO-AjNU
041 _aara
050 1 4 _aPN6149.P5.B4712 1987
100 3 _aبرجون، هنري، تعريب سامي الدروبي، تعريب عبدالله عبد الدائم,
_eauthor
_935443
245 0 0 _aالضحك: بحث في دلالة المضحك
250 _aط3
264 3 1 _aبيروت: دار العلم للملايين، 1983
300 _a160ص
336 _atext
_btxt
_2rdacontent
337 _aunmediated
_bn
_2rdamedia
338 _avolume
_bnc
_2rdacarrier
650 4 _aفلسفة - الضحك - كوميديا
_935444
999 _aA14634
_c18202
_d18202